Name All 4 Letter Countries - Statistics

General Stats
  • This quiz has been taken 145 times
  • The average score is 9 of 10
Answer Stats
Starts With Answer % Correct
O Oman
95%
F Fiji
94%
P Peru
92%
L Laos
90%
I Iran
89%
I Iraq
88%
M Mali
87%
T Togo
82%
C Chad
81%
C Cuba
73%
No matching quizzes found
Score Distribution
Percent of People with Each Score
Percentile by Number Answered
Your Score History
You have not taken this quiz